000 00537cam a2200145 4500500
005 20251012032608.0
041 _afre
042 _adc
100 1 0 _aLévi, Florence
_eauthor
245 0 0 _aPascal MERCIER, Train de nuit pour Lisbonne, traduit de l’allemand (Suisse) par Nicole Casanova, Maren Seil éditeurs, 2006, 495 pages.
260 _c2007.
500 _a47
786 0 _nSigila | 19 | 1 | 2007-06-20 | p. 185-186 | 1286-1715
856 4 1 _uhttps://shs.cairn.info/revue-sigila-2007-1-page-185?lang=fr&redirect-ssocas=7080
999 _c1547773
_d1547773